Manufacturing industries

Guardat en:
Dades bibliogràfiques
Format: Llibre
Idioma:Undetermined
Publicat: London Her Majesty's Stationery Office 1975
Matèries:
Etiquetes: Afegir etiqueta
Sense etiquetes, Sigues el primer a etiquetar aquest registre!
Thư viện lưu trữ: Trung tâm Học liệu Trường Đại học Cần Thơ
LEADER 00399nam a2200145Ia 4500
001 CTU_96488
008 210402s9999 xx 000 0 und d
082 |a 658.01 
082 |b M294 
245 0 |a Manufacturing industries 
260 |a London 
260 |b Her Majesty's Stationery Office 
260 |c 1975 
650 |a Industrial management 
980 |a Trung tâm Học liệu Trường Đại học Cần Thơ